Sculptor 1997, Carl Andre, Marseille : (Record no. 416)
[ view plain ]
| 000 -LEADER | |
|---|---|
| campo de control de longitud fija | 01448cam a2200301 a 4500 |
| 001 - NÚMERO DE CONTROL | |
| campo de control | 732380 |
| 005 - FECHA Y HORA DE LA ÚLTIMA TRANSACCIÓN | |
| campo de control | 20220326193310.0 |
| 008 - DATOS DE LONGITUD FIJA--INFORMACIÓN GENERAL | |
| campo de control de longitud fija | 980406s1997 fr a bc l000 0 fre |
| 010 ## - NÚMERO DE CONTROL DE LA BIBLIOTECA DEL CONGRESO | |
| Número de control de LC | 98135688 |
| 020 ## - NÚMERO INTERNACIONAL ESTÁNDAR DEL LIBRO | |
| Número Internacional Estándar del Libro | 2902308175 |
| 035 ## - NÚMERO DE CONTROL DEL SISTEMA | |
| Número de control de sistema | (CStRLIN)DCHA98-B259 |
| 040 ## - FUENTE DE CATALOGACIÓN | |
| Centro catalogador/agencia de origen | DLC |
| Centro/agencia transcriptor | DLC |
| Centro/agencia modificador | DLC |
| 082 ## - NÚMERO DE LA CLASIFICACIÓN DECIMAL DEWEY | |
| Número de clasificación | 730 |
| Número de ítem | A555s |
| 100 1# - ENTRADA PRINCIPAL--NOMBRE DE PERSONA | |
| Nombre de persona | Andre, Carl, |
| Fechas asociadas al nombre | 1935- |
| 9 (RLIN) | 1998 |
| 245 10 - MENCIÓN DEL TÍTULO | |
| Título | Sculptor 1997, Carl Andre, Marseille : |
| Resto del título | Musée Cantini, exposition du 4 juillet au 21 septembre 1997. |
| Mención de responsabilidad, etc. | Corinne Diserens, Veronique Legrand |
| 246 30 - FORMA VARIANTE DEL TITULO | |
| Título propio/Titulo breve | Carl Andre |
| 260 ## - PUBLICACIÓN, DISTRIBUCIÓN, ETC. | |
| Lugar de publicación, distribución, etc. | [Marseille] : |
| Nombre del editor, distribuidor, etc. | Musées de Marseille, |
| Fecha de publicación, distribución, etc. | [1997] |
| 300 ## - DESCRIPCIÓN FÍSICA | |
| Extensión | 103 p. : |
| Otras características físicas | ill. ; |
| Dimensiones | 27 cm. |
| 500 ## - NOTA GENERAL | |
| Nota general | Publication also accompanies the exhibition "Poetry Carl Andre" held at the Centre de la Vieille Charité, Marseille, Sept. 13-Nov. 16, 1997. |
| 504 ## - NOTA DE BIBLIOGRAFÍA, ETC. | |
| Nota de bibliografía, etc. | Includes bibliographical references (p. 100-103). |
| 505 ## - NOTA DE CONTENIDO CON FORMATO | |
| Título | Avant-propos |
| Mención de responsabilidad | Veronica Diserens |
| -- | Veronique |
| Título | Catalogue |
| -- | Textes a percus sur le sens dans lóeuvre de carl Andre |
| Mención de responsabilidad | Marianne Brouwer |
| Título | Denys Zacharopoulos |
| Mención de responsabilidad | Que le premier pas soit la premiere lettre |
| Título | Anexes |
| 600 10 - PUNTO DE ACCESO ADICIONAL DE MATERIA--NOMBRE DE PERSONA | |
| Nombre de persona | Andre, Carl, |
| Fechas asociadas al nombre | 1935- |
| Subdivisión de forma | Exhibitions. |
| 9 (RLIN) | 1999 |
| 650 ## - PUNTO DE ACCESO ADICIONAL DE MATERIA--TÉRMINO DE MATERIA | |
| Término de materia o nombre geográfico como elemento de entrada | Exhibiciones |
| 9 (RLIN) | 2000 |
| 710 2# - ENTRADA AGREGADA--NOMBRE DE ENTIDAD CORPORATIVA | |
| Nombre de entidad corporativa o nombre de jurisdicción como elemento de entrada | Musée Cantini. |
| 9 (RLIN) | 2001 |
| 710 2# - ENTRADA AGREGADA--NOMBRE DE ENTIDAD CORPORATIVA | |
| Nombre de entidad corporativa o nombre de jurisdicción como elemento de entrada | Centre de la Vieille Charité. |
| 9 (RLIN) | 2002 |
| 906 ## - ELEMENTOS DE DATOS F LOCAL, LDF (RLIN) | |
| a | 7 |
| b | cbc |
| c | orignew |
| d | 3 |
| e | ncip |
| f | 19 |
| g | y-gencatlg |
| Estatus retirado | Estado de pérdida | Fuente del sistema de clasificación o colocación | Estado de daño | No para préstamo | Biblioteca de origen | Biblioteca actual | Ubicación en estantería | Fecha de adquisición | Total de préstamos | Signatura topográfica completa | Código de barras | Visto por última vez | Precio de reemplazo | Tipo de ítem Koha |
|---|---|---|---|---|---|---|---|---|---|---|---|---|---|---|
| Clasificación Decimal Dewey | Biblioteca LadoV | Biblioteca LadoV | 23/01/2015 | 730 A555s | 000569 | 23/01/2015 | 23/01/2015 | Material 01 |
